[Event "Jakarta zt"]
[Site "Jakarta"]
[Date "1993.??.??"]
[Round "7"]
[White "Rogers, Ian"]
[Black "Yang, Xian"]
[Result "1/2-1/2"]
[WhiteElo "2575"]
[BlackElo "2415"]
[Annotator "Ftacnik,L"]
[PlyCount "91"]
[EventDate "1993.01.??"]
[EventType "swiss"]
[EventRounds "11"]
[EventCountry "INA"]
[SourceTitle "CBM 035"]
[Source "ChessBase"]
[SourceDate "1993.08.01"]
[SourceVersion "1"]
[SourceVersionDate "1993.08.01"]
[SourceQuality "1"]

1. d4 Nf6 2. Nf3 g6 3. c4 Bg7 4. g3 O-O 5. Bg2 d5 6. cxd5 Nxd5 7. O-O Nb6 8.
Nc3 Nc6 9. d5 Na5 10. e4 c6 11. Bf4 (11. Bg5 h6 12. Bf4 Nac4 13. Qe2 cxd5 14.
exd5 Nxb2 15. Qxb2 (15. Ne5 N2a4 16. Nxa4 Nxa4 17. Rac1 Nb6 18. Rfd1 g5 19. Bd2
Nd7 20. Ng4 f5 21. Ne3 Ne5 22. Nc4 Nxc4 23. Qxc4 Kh8 24. Bb4 $14 {Muco,
F-Thomson,C/Thessaloniki olm (11)/1988/}) 15... Na4 16. Nxa4 Bxb2 17. Nxb2 Kg7
18. Nd4 e5 19. Bxe5+ f6 20. Bf4 Qb6 21. Nb3 Bf5 22. Nc4 Qd8 23. Nd4 Bd7 24.
Rad1 $16 {Khasin,A-Sareen,V/Calcutta (10)/1992/}) 11... cxd5 (11... Nac4 12. b3
Bxc3 13. bxc4 cxd5 14. Rc1 Bb2 15. Rc2 dxe4 16. Rd2 Qe8 17. Rxb2 exf3 18. Qxf3
Qa4 19. Bh6 Re8 20. Qc3 f6 21. c5 Qc4 {1-0/Busch,R-Luecke,N/Dortmund op (3)/
1987/}) 12. exd5 Nac4 (12... Bxc3 13. bxc3 Nxd5 14. Bh6 Re8 15. Qd4 Nf6 16. Qh4
Nc6 17. Rfe1 Bg4 18. Nd4 Rc8 19. Bg5 Nxd4 20. cxd4 Qd7 21. Bxf6 exf6 22. Qxf6
Re6 23. Qf4 Bh3 24. Bxh3 $16 {Davidovic,A-Fernandez Garcia,JL/Manila olm/1992/}
) 13. Qe2 Nxb2 (13... Bg4 14. h3 (14. Rac1 Rc8 15. b3 Nd6 16. Be5 Bxe5 17. Qxe5
Nd7 18. Qf4 Bxf3 19. Qxf3 Qa5 20. Bh3 Rc7 21. Bxd7 Rxd7 22. a4 Qb4 23. Ne2 Qe4
24. Qxe4 $10 {Hansen,LB-De Boer,GJ/Groningen (05)/1992/}) 14... Bxf3 15. Bxf3
Rc8 16. Rac1 Qd7 17. Bg4 f5 18. Bf3 Nxb2 19. Qxb2 Bxc3 20. Rxc3 Na4 21. Rxc8
Nxb2 22. Rc7 Qd8 23. Rxb7 Nd3 24. Bg5 $36 {Davidovic,A-Simonenko,S/Manila olm/
1992/}) (13... Re8 14. Ne5 Nxe5 15. Bxe5 Bxe5 16. Qxe5 Nc4 {0,5/Ilic,Z-Ilincic,
Z/JUG-chT/1989/}) 14. Qxb2 Na4 15. Nxa4 Bxb2 16. Nxb2 Qxd5 17. Rfe1 $1 Qb5 (
17... Be6 $6 18. Ng5 Qd4 19. Nxe6 fxe6 20. Rab1 $14) 18. Nd1 Re8 (18... e6 $2
19. Nc3 Qa5 20. Ne4 $16) 19. Nc3 Qa5 20. Rac1 (20. Ne4 Bf5 $13) 20... Be6 21.
Rxe6 (21. Nd4 $5 Rac8 (21... Bxa2 22. Bxb7 $16) 22. Nxe6 Rxc3 (22... fxe6 23.
Bh3 Rxc3 24. Bxe6+ Kg7 25. Rxc3 $16) 23. Bd2 Rxc1 24. Bxa5 Rxe1+ 25. Bxe1 fxe6
26. Bxb7 Rb8 27. Ba6 $16) 21... fxe6 22. Bh3 Rec8 (22... Kf7 23. Ng5+) 23.
Bxe6+ Kf8 24. Ne4 (24. Bxc8 $6 Rxc8 25. Ne4 Rxc1+ 26. Bxc1 Qxa2 $19) 24...
Rxc1+ 25. Bxc1 Rd8 26. Bb3 Rd3 27. Be3 (27. Kg2 Qf5 28. Ned2 $13) 27... Qb4 28.
Nfd2 b5 29. Kf1 (29. Bxa7 Rxd2 30. Nxd2 Qxd2 31. Be3 $17) (29. Bc5 Qa5) 29...
Rxe3 (29... a5 $2 30. Bc5 Qxd2 31. Nxd2 Rxd2 32. Ke1 $16) 30. fxe3 a5 31. Ke2
a4 32. Bd5 Qb2 33. Nc5 e5 34. Nd3 Qc3 35. Ne4 Qc2+ 36. Nd2 Qc3 37. Ne4 Qc2+ 38.
Nd2 Ke7 39. Nxe5 Kd6 40. Nd3 Kc7 (40... Kxd5 $2 41. Nb4+) 41. e4 Qc3 42. Nb1
Qc2+ 43. Nd2 Qc3 44. Nb1 Qc2+ 45. Nd2 Qc3 46. Nb1 $13 1/2-1/2

[Event "Comtois Masters 5th"]
[Site "Belfort"]
[Date "2002.07.01"]
[Round "4"]
[White "Tregubov, Pavel V"]
[Black "Degraeve, Jean Marc"]
[Result "1-0"]
[WhiteElo "2627"]
[BlackElo "2595"]
[Annotator "Ftacnik,L"]
[PlyCount "71"]
[EventDate "2002.06.27"]
[EventType "tourn"]
[EventRounds "10"]
[EventCountry "FRA"]
[EventCategory "14"]
[SourceTitle "CBM 090"]
[Source "ChessBase"]
[SourceDate "2002.09.20"]
[SourceVersion "1"]
[SourceVersionDate "2002.09.20"]
[SourceQuality "1"]

1. d4 Nf6 2. Nf3 g6 3. c4 Bg7 4. g3 O-O 5. Bg2 d5 6. cxd5 Nxd5 7. O-O Nb6 8.
Nc3 Nc6 9. d5 Na5 10. e4 c6 11. Bf4 Nac4 12. Qe2 cxd5 13. Nxd5 (13. exd5 Bd7 (
13... h6 14. Rad1 Bg4 15. h3 Bxf3 16. Bxf3 Rc8 17. d6 exd6 18. Bxb7 Rc7 19. Bg2
g5 20. Bc1 Nxb2 21. Bxb2 Bxc3 22. Bxc3 Rxc3 23. Qd2 Qf6 24. Qxd6 {1/2-1/2
Pieniazek,A-Murawski,G/Koszalin 1997/ (29)}) 14. Rac1 Rc8 15. b3 Nd6 16. Be5
Rxc3 17. Rxc3 Bb5 18. Qb2 Bxe5 19. Nxe5 Bxf1 20. Kxf1 Nf5 21. Qd2 {1/2-1/2
Beil,Z-Szilagyi,G/Budapest/1981/ (21)}) 13... Nxd5 (13... Nxb2 $2 14. Bc7 Qd7
15. Bxb6 $18) 14. exd5 Nxb2 {Black might have considered eating d5 pawn, even
though white would get enough compensation also in that case.} (14... Nb6 $5
15. Rad1 Nxd5 16. Qd2 e6 17. Bh6 Qf6 18. Bxg7 Kxg7 19. Rfe1 $44) 15. Ne5 Na4
16. Rac1 Nb6 17. Rfd1 g5 (17... Bf5 18. g4 Bc8 19. Nc4 $44) 18. Bd2 (18. Bxg5
f6 (18... Bxe5 19. Qxe5 f6 20. Qf4 fxg5 21. Qxg5+ Kh8 22. Qe5+ Rf6 23. Rc7 $15)
19. Nc6 bxc6 20. dxc6 Qc7 21. Be3 $15) 18... Qd6 (18... Nxd5 $2 19. Bxg5 Be6
20. Bxd5 Bxd5 21. Rc5 $18) 19. Nc4 Nxc4 (19... Qf6 20. Bc3 $16) 20. Qxc4 Bf6 (
20... g4 21. Bb4 Qd7 22. d6 Rd8 23. Qe2 exd6 24. Rxd6 Qe8 25. Rxd8 Qxd8 26. Rd1
$16) 21. Bb4 Qb6 22. Qe4 Re8 {[%mdl 2048] Degraeve is under massive pressure,
white has excellent play for the sacrificed pawn.} 23. Bf1 (23. d6 $5 Be6 24.
Bc5 Qa6 25. Qxb7 Qxb7 26. Bxb7 Rab8 27. d7 Red8 28. Bc8 a5 29. Rd2 $14) 23...
Bf5 (23... h5 24. Bd3 $1 (24. d6 Bg4 25. d7 Red8 26. Bxe7 Bxe7 27. Qxe7 Bxd1
28. Qxg5+ Qg6 29. Qxg6+ fxg6 30. Rxd1 Kf7 $11) 24... Bg4 25. Re1 Kf8 26. Bc5
Qd8 27. Qh7 Rc8 28. d6 Rxc5 29. Rxc5 $16) 24. Qxf5 Qxb4 25. d6 Red8 (25... Kg7
26. Rb1 Qa4 27. Bb5 Qa5 28. Qe4 Red8 29. d7 (29. Bd3 Rxd6 30. Qxh7+ Kf8 31.
Rxb7 Rad8 $17) 29... Qxa2 $11) 26. d7 Qa4 27. Bg2 (27. Bd3 Kf8 (27... Rxd7 $2
28. Qxd7 Qxd7 29. Bxh7+ Kxh7 30. Rxd7 $16) 28. Be4 Rab8 $14) 27... Rab8 28. Be4
Kf8 29. Rd3 $1 {Pawn d7 and attack along the white squares are very unpleasant
for the defender.} e6 $2 (29... Qxa2 30. Qxh7 e6 31. Bf3 b5 32. Bh5 Bg7 33.
Bxf7 $1 $18) (29... b5 30. Rc8 Qa5 31. a4 a6 32. Kg2 $14) 30. Qxf6 Qxe4 31.
Rcd1 $2 (31. Rdc3 $1 Qg6 (31... Qf5 32. Qxf5 exf5 33. Rc8 Ke7 34. Rxb8 Rxb8 35.
Rc8 $18) 32. Qe5 Qf5 33. Qxb8 Rxb8 34. Rc8+ $18) 31... Qf5 32. Qh8+ (32. Qxf5
exf5 33. Rc1 b5 34. Rc7 a5 $11) 32... Ke7 33. Qd4 b6 (33... f6 34. Qxa7 Ra8 35.
Qxb7 Rxa2 36. R3d2 Rxd2 37. Qb4+ Kf7 38. Rxd2 e5 39. Qd6 $14) 34. Qd6+ Kf6 35.
Rc3 Rb7 $2 (35... Ra8 36. Qd4+ Kg6 37. Rc6 g4 $11) 36. Qc6 (36. Qc6 Rbb8 37.
Rf3 $18) 1-0

[Event "POL-ch 60th"]
[Site "Warsaw"]
[Date "2003.04.27"]
[Round "6"]
[White "Miton, Kamil"]
[Black "Kempinski, Robert"]
[Result "1-0"]
[WhiteElo "2545"]
[BlackElo "2553"]
[Annotator "Ftacnik,L"]
[PlyCount "71"]
[EventDate "2003.04.22"]
[EventType "tourn"]
[EventRounds "13"]
[EventCountry "POL"]
[EventCategory "12"]
[SourceTitle "CBM 095"]
[Source "ChessBase"]
[SourceDate "2003.07.25"]
[SourceVersion "1"]
[SourceVersionDate "2003.07.25"]
[SourceQuality "1"]

1. Nf3 Nf6 2. c4 g6 3. g3 Bg7 4. Bg2 d5 5. cxd5 Nxd5 6. d4 Nb6 7. Nc3 Nc6 8. e3
O-O 9. O-O Re8 10. d5 Na5 11. Nd4 Bd7 12. e4 c6 13. Re1 Rc8 14. Bf4 cxd5 15.
exd5 Nac4 16. b3 Nd6 17. Qd2 Bf5 {Black should look closely to the idea of 17..
.Na8!? letting out the black queen for counterplay on the klingside.} (17...
Na8 $5 18. Be5 Bxe5 19. Rxe5 Qa5 20. Re3 Nc7 21. a4 Na6 22. Rae1 Qb4 23. R1e2
Bg4 24. Re1 Bd7 25. h4 Nc5 26. Qd1 Nxb3 {0-1 Tkachiev,V-Ye Jiangchuan/Shanghai
2001/ (48)}) 18. a4 a6 (18... Na8 19. Rac1 Qa5 $14) 19. Rac1 Qd7 20. h4 Bh3 21.
Bh1 h5 (21... Nf5 22. Nxf5 Bxf5 23. d6 $1) 22. Kh2 Bg4 (22... Na8 23. a5 Bg4
24. Na4 $14) 23. Bg2 Nf5 (23... Qd8 24. a5 Na8 25. f3 Bd7 26. Ne4 $14) 24. Nxf5
Bxf5 (24... Qxf5 $2 25. f3 $18) 25. d6 $1 {[%mdl 2048] Very clever idea of
exploiting better location of white pieces, black is still fighting for the
equality.} exd6 (25... Rcd8 26. Rxe7 Rxe7 27. dxe7 Qxe7 28. Qe3 Qe6 29. a5 Nd7
30. Qxe6 Bxe6 31. Bc7 Re8 32. b4 $14) (25... e5 26. Be3 Na8 27. Ne4 $16) 26.
Rxe8+ Rxe8 (26... Qxe8 27. Bxb7 Rxc3 28. Rxc3 Qb8 29. Bc6 Bxc3 30. Qxc3 $16)
27. a5 Nc8 (27... Na8 28. Qxd6 Qxd6 29. Bxd6 Rd8 30. Bf4 Rc8 31. Na4 $16) 28.
Nd5 Kf8 (28... Be4 29. Rc7 Qf5 (29... Qd8 30. Bg5 f6 31. Rxg7+ $18) 30. Bxe4
Qxe4 31. Qe3 Qxe3 32. fxe3 $16) (28... Bg4 29. Rc7 Qb5 30. Rxb7 Qe2 31. Qxe2
Rxe2 32. Be3 $18) 29. Bh6 $1 {Milton has done an excellent job, since for the
pawn he has much more than a simple compensation.} (29. Nc7 Rd8 30. Bxb7 $18)
29... Qd8 (29... Re5 30. Bxg7+ Kxg7 31. Qd4 Kh6 32. f4 Re8 33. Nf6 $18) 30. Qd4
$1 f6 (30... Bxh6 31. Qh8#) 31. Bxg7+ Kxg7 32. Rc7+ Kf8 (32... Kh6 33. Qf4+ g5
34. Qxf5 $18) 33. Qf4 Re7 (33... Ne7 34. Qh6+ Kf7 35. Rxb7 Bc8 36. Nf4 Bxb7 37.
Qh7+ Kf8 38. Ne6#) 34. Qh6+ Kf7 (34... Kg8 35. Nxe7+ Nxe7 36. Bd5+ Nxd5 37.
Qg7#) 35. Nxe7 Qxc7 36. Nxf5 1-0

[Event "Debrecen"]
[Site "Debrecen"]
[Date "1990.??.??"]
[Round "7"]
[White "Romanishin, Oleg M"]
[Black "Kindermann, Stefan"]
[Result "1-0"]
[WhiteElo "2525"]
[BlackElo "2560"]
[Annotator "Ftacnik,L"]
[PlyCount "43"]
[EventDate "1990.06.??"]
[EventType "tourn"]
[EventRounds "11"]
[EventCountry "HUN"]
[EventCategory "13"]
[SourceTitle "CBM 020"]
[Source "ChessBase"]
[SourceDate "1991.02.01"]
[SourceVersion "1"]
[SourceVersionDate "1991.02.01"]
[SourceQuality "1"]

1. d4 Nf6 2. Nf3 g6 3. g3 Bg7 4. c4 O-O 5. Bg2 d5 6. cxd5 Nxd5 7. O-O Nb6 8.
Nc3 Nc6 9. d5 Na5 10. e4 c6 11. Bg5 h6 12. Bf4 Nac4 13. b3 Bxc3 14. Rc1 Nb2 15.
Qc2 $5 {N} (15. Qe2 Bg7 16. Be5 Bxe5 17. Nxe5 cxd5 18. exd5 Nxd5 19. Qxb2 $146)
15... Bg7 16. Be5 Bxe5 17. Nxe5 cxd5 18. exd5 Nxd5 19. Nxg6 $5 Nb4 (19... Re8
20. Ne5 $16) 20. Qe4 Re8 (20... fxg6 21. Qxg6+ Kh8 22. Qxh6+ Kg8 23. Qg6+ Kh8
24. Be4 $40) 21. Ne5 Qd2 $2 (21... N4d3 $1 $13) 22. Rxc8 $1 {Ftacnik,L} (22.
Rxc8 $1 Rexc8 23. Qf5 Rf8 24. Be4 Kg7 25. Qh7+ Kf6 26. Nf3 $18) 1-0

[Event "URS-ch FL55"]
[Site "Lvov"]
[Date "1987.11.15"]
[Round "8"]
[White "Ivanchuk, Vassily"]
[Black "Lputian, Smbat G"]
[Result "1-0"]
[WhiteElo "2480"]
[BlackElo "2540"]
[Annotator "Ftacnik,L"]
[PlyCount "65"]
[EventDate "1987.11.??"]
[EventType "tourn"]
[EventRounds "17"]
[EventCountry "URS"]
[EventCategory "10"]
[SourceTitle "EXT 2018"]
[Source "ChessBase"]
[SourceDate "2017.10.13"]
[SourceVersion "1"]
[SourceVersionDate "2017.10.13"]
[SourceQuality "1"]

1. d4 Nf6 2. Nf3 g6 3. c4 Bg7 4. g3 O-O 5. Bg2 d5 6. cxd5 Nxd5 7. O-O Nb6 8.
Nc3 Nc6 9. e3 Re8 10. d5 (10. Qe2 e5 11. dxe5 Nxe5 12. Nxe5 Bxe5 13. Rd1 Qe7
14. e4 c6 15. f4 Bg7 16. Be3 {Black can not underestimate the danger, with
good control in the center his opponent entertains some chances. Schwarz darf
die Gefahr nicht unterschätzen; mit guter Kontrolle im Zentrum hat sein Gegner
einige Chancen.} Be6 17. Qf2 Rad8 18. Bc5 Qc7 19. e5 f6 20. Bd6 Qf7 21. exf6
Bxf6 22. Bc5 Bg4 23. Rxd8 Rxd8 24. Ne4 {Gronn,A-Hellers,F/Oslo (4)/1992/0-1 
(44)}) (10. h3 a5 11. d5 Nb4 12. e4 c6 13. a3 Na6 14. dxc6 Qxd1 15. Rxd1 bxc6
16. Rb1 Rb8 17. Nd4 {Without queens has the weakness on c6 a bit greater
importance. Ohne Damen spielt die Schwäche auf c6 doch eine größere Rolle.} Bd7
18. b3 e5 19. Nf3 Be6 20. Be3 Na8 21. Rd6 Rxb3 22. Rxc6 Nb8 23. Rc5 a4 24. Rb5
{Tkachiev,V-Xie Jun/Jakarta (12)/1994/1-0 (46)}) (10. Re1 e5 11. d5 Ne7 $5 (
11... Na5 12. e4 c6 13. Bg5 $5 f6 14. Be3 Nac4 15. dxc6 Nxe3 $5 16. Qxd8 Rxd8
17. cxb7 Bxb7 18. Rxe3 Bh6 19. Ree1 Nc4 {Black have sacrificed the pawn for
the bishop pair and activity. Schwarz hat den Bauern für das Läuferpaar und
Aktivität geopfert.} 20. Rad1 Kf8 $1 $44 {Karpov,A-Kasparov,G/Amsterdam/1988/0.
5 (37)}) 12. e4 Bg4 13. Qb3 Bxf3 14. Bxf3 c6 15. Be3 cxd5 16. exd5 Nf5 17. Rad1
Nd6 18. Nb5 Nbc8 {The most important task is the defence of the blockade on d6,
since it decides the question about the value of the position. Wichtigste
Aufgabe liegt in der Blockadeverteidigung, was über die Stellungswertung
entscheidet.} 19. Nxd6 Nxd6 20. Bc5 Re7 21. Qb4 Rd7 22. Rc1 Bh6 $6 23. Rc2 Rc8
24. Bg4 $1 {Timman,J-Ftacnik,L/Prague (04)/1990/0.5 (108)}) (10. Ne1 e5 11. d5
Na5 12. Nc2 (12. e4 c6 13. a4 (13. Nc2 cxd5 14. exd5 Nac4 15. b3 Nd6 16. Be3
Bf5 17. Rc1 Bxc2 $1 18. Rxc2 Nf5 {The profound idea, black wants to eliminate
Be3 or at least improve his pieces. Tiefe Idee, Schwarz will den Be3
vernichten oder mindestens seine Figuren verbessern.} 19. Bc5 Rc8 20. Ne2 e4
21. d6 Nxd6 22. Bxd6 Rxc2 23. Qxc2 Qxd6 24. Bxe4 {Pigusov,E-Belov,I/Moscow-B/
1987/0.5 (31)}) 13... cxd5 14. exd5 Bf5 15. g4 Bd7 16. Ne4 Nc8 17. Qc2 b5 18.
axb5 Bxg4 19. d6 Rb8 20. Bg5 Qb6 21. Qc7 {White can also play very agressively,
his trumph ist deplorably placed Na5. Weiß kann auch sehr agressiv spielen,
sein Trumpf ist die bedauerliche Plazierung des Na5.} Rb7 22. Nf6+ Bxf6 23.
Bxb7 Bxg5 24. Rxa5 {Loginov,V-Horvath,C/Budapest FS AprGM (09)/1994/0.5 (33)})
12... e4 $1 13. Nxe4 Nxd5 14. Nd4 Nc4 15. b3 Ne5 16. Bb2 Qe7 17. Qd2 $6 Rd8 $1
18. Rac1 Nb4 {White have achieved little, pieces lack any solid bases. Weiß
hat wenig erreicht, seine Figuren haben keine echten Stützpunkte.} 19. f4 $6
Ng4 $1 20. h3 Nh6 $1 21. a3 Nd5 22. Rfe1 Bxh3 $1 23. Bxh3 Qxe4 24. Bg2 {
Mikhalchishin,A-Kozul,Z/Portoroz-Rogaska Slatina/1993/0-1 (34)}) 10... Nb4 {
'?!'} (10... Ne5 $5 11. Nd4 Bg4 $13) 11. e4 c6 12. Qb3 {'!'} Na6 {'It is less
convenient for white, when the knight sits on a5.' 'Es ist ungünstiger für
Weiß, wenn der Springer auf a5 steht.'} (12... Nd3 13. Be3 cxd5 (13... Nxb2 14.
Qxb2 Na4 15. Nxa4 Bxb2 16. Nxb2 cxd5 17. Rfd1 $1 $16) 14. Rfd1 $1 Nxb2 15. Qxb2
Na4 16. Nxa4 Bxb2 17. Nxb2 e6 18. exd5 exd5 19. Nd3 $16) 13. Be3 cxd5 14. Rfd1
{'!'} (14. exd5 $2 Bxc3 $1 $15) (14. Nxd5 Nxd5 15. exd5 Qa5 $10) 14... Bd7 (
14... Nc4 $2 15. Rxd5 Qc7 16. Nb5 $18) (14... Bxc3 15. Qxc3 Qc7 16. Qe1 $3 $16)
15. exd5 (15. Nxd5 $2 Ba4 $1 $17) 15... Qc7 (15... Rc8 16. Ng5 $1 Bxc3 (16...
Nc5 17. Bxc5 Rxc5 18. Ne6 $1 $18) 17. d6 $1 e6 18. bxc3 Ba4 $2 19. Bxb6 Bxb3
20. Bxd8 Bxd1 21. d7 $1 $18) 16. Ng5 {'!'} Nc5 (16... Qc4 17. d6 Bc6 18. d7
Red8 19. Bxc6 bxc6 20. Bxb6 Qxb3 21. Bxd8 $3 Qb4 (21... Qxb2 22. Bxe7 Bxc3 23.
d8=Q+ Rxd8 24. Rxd8+ Kg7 25. Rad1 $18) 22. a3 Qc5 23. Nge4 Qe5 24. f4 $1 Qe6
25. Ba5 $18) 17. Qb4 Nca4 18. Nxa4 Bxa4 19. Rac1 Qd6 20. Qh4 {'!'} h6 {'?'} (
20... Bxd1 $2 21. Qxh7+ Kf8 22. Bd4 e5 23. Bc5 $1 $18) (20... h5 $5) 21. Ne4
Qe5 22. b3 g5 23. Bxg5 {'!!'} hxg5 24. Nxg5 Qf6 (24... Bd7 25. Qh7+ Kf8 26. Qh5
$1 Kg8 (26... Qf5 27. Be4 $1 $18) 27. Qxf7+ Kh8 28. Qh5+ Kg8 29. Be4 Qf6 30.
Bh7+ Kf8 31. Bg6 $18) 25. bxa4 Bh6 26. Rd4 Rec8 27. Rxc8+ Rxc8 28. Rg4 Rc1+ 29.
Bf1 Bxg5 30. Rxg5+ Kf8 31. Qg4 Qh8 32. Kg2 Nc8 {'?'} 33. Qd7 1-0

[Event "Groningen PCA"]
[Site "Groningen"]
[Date "1993.??.??"]
[Round "3"]
[White "Romanishin, Oleg M"]
[Black "Anand, Viswanathan"]
[Result "1/2-1/2"]
[WhiteElo "2615"]
[BlackElo "2725"]
[Annotator "Ftacnik,L"]
[PlyCount "52"]
[EventDate "1993.12.??"]
[EventType "swiss"]
[EventRounds "11"]
[EventCountry "NED"]
[SourceTitle "CBM 039"]
[Source "ChessBase"]
[SourceDate "1994.04.01"]
[SourceVersion "1"]
[SourceVersionDate "1994.04.01"]
[SourceQuality "1"]

1. d4 {Belov} Nf6 2. Nf3 g6 3. g3 Bg7 4. Bg2 O-O 5. c4 d5 6. cxd5 Nxd5 7. O-O
Nb6 8. Nc3 Nc6 9. d5 Na5 10. Qc2 c6 (10... Nxd5 $6 {Belov} 11. Rd1 c6 12. Ne1
$1 $16 Bxc3 (12... Bd7)) 11. dxc6 Nxc6 12. Rd1 Bf5 (12... Bd7 13. Be3 (13. e4
Qc8 14. Qe2 Bg4 15. Be3 Bxc3 16. bxc3 Ne5 17. Bd4 Nbc4 18. Rab1 b6 19. Rb5 f6
20. h3 Bxf3 21. Bxf3 Nxf3+ 22. Qxf3 Qxh3 23. e5 Qe6 24. exf6 $13 {Dolgener,
T-Horvath,Jo/Budapest ExpFS AprGM (01)/1993/0-1 (45)}) 13... Nc4 (13... Rc8 14.
Bxb6 axb6 15. Qd2 Be6 16. Qe3 Qc7 17. Nb5 Qb8 18. Nfd4 Bc4 19. Nxc6 bxc6 20.
Nd4 Qb7 21. Nxc6 Rxc6 22. Rac1 Bb5 23. Qb3 Bxe2 24. Rxc6 $10 {Sulava,N-Blees,A/
Belgrade GMA-op/1988/0-1 (36)}) (13... Qc8 14. Bxb6 axb6 15. Nd5 Ra6 16. Qxc6
bxc6 17. Nxe7+ Kh8 18. Nxc8 Bxc8 19. Rd2 b5 20. e3 Bf5 21. Nd4 Rd8 22. Rdd1 Bg4
23. f3 Bd7 24. Rac1 $16 {Volkov,S-Semeniuk,A/Smolensk/1991/1-0 (36)}) 14. Bc5 (
14. Bf4 Rc8 15. Bh3 f5 16. Qa4 Nd4 17. Qxa7 Nxf3+ 18. exf3 Nxb2 19. Qxb7 Nxd1
20. Rxd1 Rxc3 21. Rxd7 Qa8 22. Rxe7 Qxb7 23. Rxb7 Rc2 24. Bf1 $13 {
Overgaard-Brinck Claussen/Lyngby op (6)/1988/1-0 (55)}) 14... b6 15. Nd4 $10 {
Bretsnajdr,V-Konopka,M/Trinec/1989/}) (12... Qc7 13. Nb5 (13. Qe4 Bf5 14. Qh4
Rad8 15. Bh6 Rxd1+ 16. Rxd1 Rd8 17. Bxg7 Kxg7 18. Nd4 Nxd4 19. Rxd4 Rxd4 20.
Qxd4+ e5 21. Qb4 Qd7 22. Qb5 Qc7 23. Qa5 a6 24. h4 $14 {Schlosser,P-Krasenkova,
E/Baden Baden op (02)/1993/1-0 (35)}) 13... Qb8 14. Bf4 e5 15. Be3 a6 (15...
Bf5 16. Qc5 Rc8 17. Qd6 (17. Nd6 Bf8 18. Ng5 Bxd6 19. Rxd6 Nd4 20. Qxe5 Nxe2+
21. Kf1 Nc4 22. Qf6 Nxd6 23. Rd1 h6 24. Nxf7 $13 {Pigusov,E-Ye Jiangchuan/Biel
izt (10)/1993/0.5 (56)}) (17. Nxa7 Na4 18. Nxc6 bxc6 {Plachetka,J-Smejkal,J/
Trnava-A/1989/0.5 (19)}) 17... Nc4 18. Qxb8 Raxb8 19. Nd6 Nxd6 20. Rxd6 e4 21.
Nh4 Be6 22. Bxe4 Bxb2 23. Rb1 Be5 24. Rd2 $10 {Gyorkos,L-Horvath,C/
Balatonbereny op (06)/1992/0.5 (34)}) 16. Nd6 Nd7 17. Rac1 Nf6 18. Bc5 h6 19.
Nxc8 Rxc8 20. Qb3 Ne4 21. Bb6 Nd6 22. Nh4 g5 23. Nf3 Ne7 24. Bc5 $16 {Frois,
A-Pinho,P/Lisboa-ch (05)/1992/1-0 (31)}) (12... Qe8 13. Qe4 $1 Bf5 (13... h6 $6
14. Qh4 g5 15. Bxg5 hxg5 16. Nxg5 Bf5 17. Be4 Qc8 18. g4 Bxe4 19. Ncxe4 Rd8 20.
Ng3 Rd4 21. Rxd4 Nxd4 22. e3 f6 23. Qh7+ Kf8 24. exd4 $18 {Sulava,N-Anic,D/
Budapest/1990/}) 14. Qh4 f6 15. g4 Bc2 16. Rd2 g5 17. Qg3 Bg6 18. Nb5 $1 $16 {
Lalic,B-Popovic,P/JUG-ch/1989/}) 13. e4 (13. Qb3 {Belov} Qe8 14. Be3 Be6 15.
Qc2 Bf5 16. Qb3 Be6 $10) 13... Bd7 14. Bf4 (14. Nd5 $5 Nxd5 15. exd5 Na5 16.
Qe2 $6 (16. Bg5 $1 h6 17. Bf4 Rc8 18. Qe2 Nc4 19. b3 $1 Bxa1 20. Rxa1 Nd6 21.
Bxh6 $44 {Ribli/}) 16... Ba4 $1 17. Rd4 $1 Bxd4 18. Nxd4 e5 $2 (18... Qd6 $5 {
Belov}) (18... Qb6 $5) 19. Qxe5 Re8 20. Ne6 $1 fxe6 21. b3 $1 Re7 22. Bb2 Qf8
23. d6 Qg7 24. Qe2 $1 $18 {Ribli,Z-Rogozenko,D/Odorheiu Secuiesc/1993/1-0 (28)}
) 14... Rc8 15. Qc1 {!?N Belov} (15. Qe2 Qe8 16. Nd5 (16. h3 Be6 17. Nd5 Bxd5
18. exd5 Nb4 19. Ne1 Qd7 20. Qd2 {Tukmakov,V-Khalifman,A/Simferopol 46/(601)/
1988/0.5 (20)}) 16... Nxd5 (16... Bg4 17. Nxb6 axb6 18. e5 h6 (18... Rd8 19.
Qe3 Rxd1+ 20. Rxd1 Qa8 21. h3 Bxf3 22. Bxf3 Qxa2 23. Bxc6 bxc6 24. Qxb6 $10 {
Schlosser,P-Leko,P/Nettetal (06)/1992/0-1 (56)}) 19. h3 Be6 20. h4 b5 21. Nd4
Nxd4 22. Rxd4 b6 23. Qe3 h5 24. Rd2 $14 {Bakic,R-Lalev,D/Beograd/1991/1-0 (39)}
) 17. exd5 Nb4 18. Qd2 a5 19. Bh6 Rc2 20. Qe3 Bxb2 21. Rab1 Bg7 22. Bxg7 Kxg7
23. a3 Na6 $14 {Bakic,R-Carnic,S/Novi Becej/1991/}) 15... Qe8 16. h3 (16. Bh6
Bg4 $10) 16... Na4 $3 (16... Be6 {Belov} 17. Bh6 Rd8 18. Bxg7 Rxd1+ 19. Qxd1
Kxg7 20. Ng5 Bc8 21. f4 $14) (16... Nc4 {Belov} 17. Bh6 Bxh6 $6 18. Qxh6 Nxb2
$4 19. Ng5 $18) 17. e5 (17. Nxa4 Nd4 18. Qe3 Nxf3+ (18... Nc2 $6 19. Qxa7 Bxa4
20. Rab1 $14) 19. Bxf3 Bxa4 $36) 17... Nxc3 18. bxc3 (18. Qxc3 $2 {Belov} Nxe5)
18... Nd8 {!? Belov} (18... Na5 {Belov} 19. Qa3 b6 20. Nd4 $14) 19. Bh6 Bc6 20.
Bxg7 Kxg7 21. Qa3 a6 22. Rab1 (22. Nd4 {Belov} Bxg2 23. Kxg2 Nc6 24. f4 (24. e6
Nxd4 25. Rxd4 Qc6+)) 22... Ne6 23. Nd4 Nxd4 24. cxd4 e6 25. h4 Bxg2 26. Kxg2
Qc6+ 1/2-1/2